000 00757cam a22002533a 4500
001 17862
003 PGUSA
005 20140828083400.0
008 060226s2006||||xxu|||||s|||||000 e eng d
040 _aPGUSA
_beng
042 _adc
050 4 _aPS
100 1 _aMitchell, Donald Grant,
_d1822-1908
245 1 0 _aDream Life :
_bA Fable Of The Seasons
_h[electronic resource] /
_cDonald Grant Mitchell
260 _bProject Gutenberg,
_c2006
505 0 _aDreams of boyhood -- Dreams of youth -- Dreams of manhood -- Dreams of age.
506 _aPublic domain in the USA.
516 _aElectronic text
653 _aLife
653 _aEssays
830 0 _aProject Gutenberg
_v17862
856 4 0 _uhttp://www.gutenberg.org/ebooks/17862
942 _cEB
999 _c247117
_d247117